Información, conocimiento y manipulación: plataforma para el estudio mediático en tiempos electoreros /

Uloženo v:
Podrobná bibliografie
Hlavní autor: Castillo Galástica, Adán
Médium: Text
Tagy: Přidat tag
Žádné tagy, Buďte první, kdo vytvoří štítek k tomuto záznamu!

MARC

LEADER 00000 a a2200000 04500
001 9438
003
040
100 |a Castillo Galástica, Adán  
245 |a Información, conocimiento y manipulación:   |b plataforma para el estudio mediático en tiempos electoreros /  |c Adán Castillo Galástica 
773 |g número 482; páginas 90-102  
999 |c 27357  |d 27357